Domestic Violence (Record no. 10539)

MARC details
000 -LEADER
fixed length control field 00596nam a2200241 a 4500
020 ## - INTERNATIONAL STANDARD BOOK NUMBER
ISBN 8185107
082 00 - DEWEY DECIMAL CLASSIFICATION NUMBER
Classification number 346.0134
Author Cutter KAL
245 ## - TITLE STATEMENT
Title Domestic Violence
260 ## - PUBLICATION, DISTRIBUTION, ETC. (IMPRINT)
Place of publication Delhi
Name of publisher Kali for Women
Year of publication 1992
300 ## - PHYSICAL DESCRIPTION
Number of Pages 75p
500 ## - GENERAL NOTE
General note includes index and biblioraphy
505 2# - FORMATTED CONTENTS NOTE
Formatted contents note Legal Aid Handbook 1
650 ## - SUBJECT ADDED ENTRY--TOPICAL TERM
Topical Term Women-India-Law
650 ## - SUBJECT ADDED ENTRY--TOPICAL TERM
Topical Term Women-Domestic Violence
942 ## - ADDED ENTRY ELEMENTS (KOHA)
Koha item type Books
Holdings
Collection code Home library Current library Date acquired Cost, normal purchase price Full call number Accession Number Koha item type
  Henry Martyn Institute Library Henry Martyn Institute Library 11/12/2007 25.00 346.0134 KAL 016518 Books
                   Copyright © 2026 | Henry Martyn Institute | Hyderabad | TS-500052 | INDIA | Implemented by hmi.edu.in
Hit-Count:

Powered by Koha